[Event "Nizhnij Novgorod Region-ch"]
[Site "Nizhnij Novgorod"]
[Date "2012.10.14"]
[Round "?"]
[White "Krashenov, Valery"]
[Black "Kuznetcov, Aleksander"]
[Result "1-0"]
[WhiteElo "1810"]
[BlackElo "2030"]
[PlyCount "99"]
[EventDate "2012.10.06"]
[EventType "swiss"]
[EventRounds "9"]
[EventCountry "RUS"]
[SourceTitle "EXT 2022"]
[Source "ChessBase"]
[SourceDate "2021.10.06"]
[SourceVersion "1"]
[SourceVersionDate "2021.10.06"]
[SourceQuality "1"]

1. Nf3 d5 2. d4 Nf6 3. g3 Bf5 4. Bg2 c6 5. Nbd2 e6 6. 0-0 h6 7. Re1 Be7 8. a3 0-0 9. c4 Nbd7 10. b4 Rc8 11. Bb2 a6 12. h3 Ne4 13. Nxe4 Bxe4 14. Rc1 Nf6 15. Qb3 Qd7 16. Ne5 Qd8 17. f3 Bh7 18. e4 dxe4 19. fxe4 Re8 20. Rcd1 Qc7 21. c5 Rcd8 22. Qf3 Bf8 23. Bc1 Qe7 24. Nc4 Rd7 25. Nd6 Red8 26. d5 Ne8 27. dxc6 bxc6 28. e5 Rc7 29. Rf1 Bg6 30. Rf2 Rb8 31. h4 h5 32. Bg5 f6 33. Nxe8 Rxe8 34. exf6 Qf7 35. Qc3 e5 36. fxg7 Qxg7 37. Bf6 Qh7 38. Bxe5 Bg7 39. Bxg7 Qxg7 40. Qc4+ Bf7 41. Qxa6 Qxg3 42. Qd3 Qxh4 43. Qd6 Qg4 44. Qxc7 Qxd1+ 45. Kh2 Qb3 46. Bxc6 Re3 47. Bg2 h4 48. Qd8+ Kg7 49. Qxh4 Qxa3 50. Qf6+ 1-0

[Event "Nizhnij Novgorod Dubinin Memorial 19th"]
[Site "Nizhnij Novgorod"]
[Date "2012.01.??"]
[Round "6"]
[White "Krashenov, Valery"]
[Black "Tarasov, Valery"]
[Result "0-1"]
[WhiteElo "1803"]
[BlackElo "1951"]
[PlyCount "38"]
[EventDate "2012.01.??"]
[EventType "swiss"]
[EventRounds "9"]
[EventCountry "RUS"]
[SourceTitle "EXT 2015"]
[Source "ChessBase"]
[SourceDate "2014.11.20"]
[SourceVersion "1"]
[SourceVersionDate "2014.11.20"]
[SourceQuality "1"]

1. Nf3 d6 2. d4 Bg4 3. e4 c6 4. Be2 Nf6 5. Nbd2 e6 6. 0-0 Be7 7. b3 0-0 8. Bb2 d5 9. e5 Nfd7 10. c4 a5 11. h3 Bf5 12. a3 Na6 13. Nh2 Qc7 14. Ng4 dxc4 15. Nxc4 Nb6 16. Nce3 Bg6 17. Bd3 Rfd8 18. Bxg6 hxg6 19. Qe2 Nd5 0-1

[Event "Nizhnij Novgorod Cup of Nadezhda"]
[Site "Nizhnij Novgorod"]
[Date "2011.08.08"]
[Round "4"]
[White "Krashenov, Valery"]
[Black "Sukhinin, Timur"]
[Result "0-1"]
[WhiteElo "1853"]
[BlackElo "1878"]
[PlyCount "74"]
[EventDate "2011.08.08"]
[EventType "swiss"]
[EventRounds "8"]
[EventCountry "RUS"]
[SourceTitle "EXT 2022"]
[Source "ChessBase"]
[SourceDate "2021.10.06"]
[SourceVersion "1"]
[SourceVersionDate "2021.10.06"]
[SourceQuality "1"]

1. c4 Nf6 2. Nc3 g6 3. g3 d5 4. cxd5 Nxd5 5. Bg2 Nxc3 6. bxc3 c6 7. a4 Bg7 8. Nf3 b6 9. 0-0 Bb7 10. Qb3 0-0 11. d4 Na6 12. Bf4 c5 13. a5 cxd4 14. cxd4 Bd5 15. Qa4 Nc7 16. Rfe1 b5 17. Qb4 a6 18. Rac1 Ne6 19. Be3 Qd7 20. Bh3 Rac8 21. Ne5 Qd6 22. Qxd6 exd6 23. Nd7 Rxc1 24. Bxc1 Re8 25. Nb6 Bc4 26. Nxc4 bxc4 27. d5 Nd4 28. Be3 Nb3 29. Bd7 Re5 30. Bc6 Nxa5 31. Rc1 Re4 32. Ba4 Bb2 33. Rc2 c3 34. Bd7 Nc4 35. Bc1 Rd4 36. e4 Rd1+ 37. Kg2 Rxc1 0-1

[Event "Nizhnij Novgorod-ch"]
[Site "Nizhnij Novgorod"]
[Date "2010.03.??"]
[Round "?"]
[White "Krashenov, Valery"]
[Black "Mylnikova, Olga"]
[Result "1/2-1/2"]
[WhiteElo "1884"]
[BlackElo "1718"]
[PlyCount "86"]
[EventDate "2010.03.13"]
[EventType "swiss"]
[EventRounds "9"]
[EventCountry "RUS"]
[SourceTitle "EXT 2022"]
[Source "ChessBase"]
[SourceDate "2021.10.06"]
[SourceVersion "1"]
[SourceVersionDate "2021.10.06"]
[SourceQuality "1"]

1. Nf3 Nf6 2. g3 g6 3. Bg2 Bg7 4. 0-0 0-0 5. d4 d6 6. c4 c5 7. Nc3 Nc6 8. h3 e5 9. dxe5 dxe5 10. Be3 Qe7 11. Nd5 Nxd5 12. Qxd5 Nd4 13. Nxd4 cxd4 14. Bd2 Rd8 15. Qe4 f5 16. Qc2 Be6 17. Qa4 Qd7 18. Qxd7 Rxd7 19. c5 Rc8 20. b4 e4 21. Bf4 d3 22. Rac1 d2 23. Rcd1 Bc3 24. g4 Bc4 25. gxf5 Bxe2 26. fxg6 hxg6 27. a3 Bxd1 28. Rxd1 Re8 29. Kf1 Bb2 30. Rxd2 Rxd2 31. Bxd2 Bxa3 32. Ke2 a5 33. bxa5 Bxc5 34. Ke1 Kf7 35. Bf1 Ke7 36. Bc4 Rf8 37. Bd5 Bxf2+ 38. Ke2 Bc5 39. Bc4 Rh8 40. h4 Kd6 41. Be1 Kc7 42. Bg3+ Bd6 43. Bf2 Bb4 1/2-1/2

[Event "Nizhnij Novgorod-ch"]
[Site "Nizhnij Novgorod"]
[Date "2010.03.??"]
[Round "?"]
[White "Krashenov, Valery"]
[Black "Yezerskaja, Anastasija"]
[Result "1-0"]
[WhiteElo "1884"]
[BlackElo "1482"]
[PlyCount "61"]
[EventDate "2010.03.13"]
[EventType "swiss"]
[EventRounds "9"]
[EventCountry "RUS"]
[SourceTitle "EXT 2022"]
[Source "ChessBase"]
[SourceDate "2021.10.06"]
[SourceVersion "1"]
[SourceVersionDate "2021.10.06"]
[SourceQuality "1"]

1. d4 d5 2. Nf3 Nc6 3. g3 Bg4 4. Bg2 Nf6 5. h3 Bh5 6. Nbd2 e6 7. 0-0 Bd6 8. b3 0-0 9. c4 Qd7 10. Bb2 Rac8 11. Ne5 Qd8 12. Ndf3 Nd7 13. Nxd7 Qxd7 14. Ne5 Bxe5 15. dxe5 Rfd8 16. cxd5 exd5 17. Qd2 Ne7 18. g4 Bg6 19. Rad1 c5 20. f4 h6 21. f5 Bh7 22. f6 Ng6 23. fxg7 d4 24. Qxh6 Nxe5 25. Be4 Ng6 26. Rf6 Qe7 27. Bxg6 fxg6 28. Rdf1 Qxg7 29. Qxg7+ Kxg7 30. Rf7+ Kh6 31. g5+ 1-0

[Event "Nizhnij Novgorod Chunakov Memorial 10th"]
[Site "Nizhnij Novgorod"]
[Date "2010.02.26"]
[Round "?"]
[White "Pavlov, Boris S"]
[Black "Krashenov, Valery"]
[Result "0-1"]
[WhiteElo "1745"]
[BlackElo "1913"]
[PlyCount "60"]
[EventDate "2010.02.20"]
[EventType "swiss"]
[EventRounds "9"]
[EventCountry "RUS"]
[SourceTitle "EXT 2022"]
[Source "ChessBase"]
[SourceDate "2021.10.06"]
[SourceVersion "1"]
[SourceVersionDate "2021.10.06"]
[SourceQuality "1"]

1. d4 d5 2. c4 c6 3. e3 Nf6 4. Nf3 a6 5. c5 g6 6. Be2 Bg7 7. Nc3 Nbd7 8. a3 b6 9. b4 bxc5 10. bxc5 Ne4 11. Bb2 Nxc3 12. Bxc3 Nxc5 13. 0-0 Ne4 14. Bb2 c5 15. Nd2 Nxd2 16. Qxd2 cxd4 17. exd4 Bb7 18. Rfd1 Qd7 19. h3 h5 20. a4 0-0 21. Qb4 Kh7 22. Bf1 Rac8 23. Ba3 Rc7 24. Rab1 Bh6 25. a5 Rfc8 26. Kh2 Bf4+ 27. g3 Bd6 28. Qb3 Bxa3 29. Qxa3 Rc3 30. Qb4 R8c7 0-1

[Event "Nizhnij Novgorod Chunakov Memorial 10th"]
[Site "Nizhnij Novgorod"]
[Date "2010.02.24"]
[Round "5"]
[White "Marsak, Viktor D"]
[Black "Krashenov, Valery"]
[Result "1-0"]
[WhiteElo "2018"]
[BlackElo "1913"]
[PlyCount "101"]
[EventDate "2010.02.20"]
[EventType "swiss"]
[EventRounds "9"]
[EventCountry "RUS"]
[SourceTitle "EXT 2022"]
[Source "ChessBase"]
[SourceDate "2021.10.06"]
[SourceVersion "1"]
[SourceVersionDate "2021.10.06"]
[SourceQuality "1"]

1. Nf3 Nf6 2. Nc3 d5 3. g3 g6 4. Bg2 Bg7 5. d3 h6 6. 0-0 0-0 7. Bd2 c5 8. e4 dxe4 9. dxe4 Nc6 10. e5 Nd7 11. e6 fxe6 12. Qe2 Nf6 13. Nh4 Qe8 14. Bxc6 bxc6 15. Qc4 Kh7 16. Qxc5 Rb8 17. b3 Rb7 18. Rad1 Nd5 19. Ne4 a6 20. c4 Nf6 21. Qe3 Nxe4 22. Qxe4 e5 23. Bc3 Bf5 24. Qe2 Qc8 25. Nxf5 Rxf5 26. Rd2 Rd7 27. Rfd1 Rxd2 28. Qxd2 Rf3 29. Bb4 e4 30. Qd7 Qf8 31. Bxe7 Qf7 32. Bc5 Qxd7 33. Rxd7 Rd3 34. Ra7 Kg8 35. Rxa6 Rd2 36. Rxc6 Rxa2 37. Rxg6 Kf7 38. Rb6 Rc2 39. Be3 h5 40. c5 Bf6 41. b4 h4 42. b5 h3 43. Kf1 Rb2 44. Rxf6+ Ke7 45. Rh6 Rxb5 46. Rxh3 Rb1+ 47. Ke2 Rb2+ 48. Bd2 Rc2 49. Rh5 Kd7 50. Re5 Kc6 51. Ke3 1-0

[Event "Nizhnij Novgorod op"]
[Site "Nizhnij Novgorod"]
[Date "2010.??.??"]
[Round "?"]
[White "Krashenov, Valery"]
[Black "Bodyagin, Anton"]
[Result "0-1"]
[WhiteElo "1913"]
[BlackElo "1826"]
[PlyCount "80"]
[EventDate "2010.10.02"]
[EventType "swiss"]
[EventRounds "9"]
[EventCountry "RUS"]
[SourceTitle "EXT 2011"]
[Source "ChessBase"]
[SourceDate "2010.11.26"]
[SourceVersion "1"]
[SourceVersionDate "2010.11.26"]
[SourceQuality "1"]

1. d4 d5 2. Nf3 e6 3. g3 b5 4. Bg2 Nf6 5. 0-0 Bb7 6. c3 Be7 7. Na3 a6 8. Nc2 c5 9. Bg5 0-0 10. Rc1 Nbd7 11. h3 h6 12. Be3 Rc8 13. Nce1 c4 14. Nh2 Ne4 15. Nef3 f5 16. Nd2 Ndf6 17. Nhf3 Bd6 18. Nxe4 dxe4 19. Ne5 Nd5 20. Qd2 Nxe3 21. Qxe3 Bxe5 22. dxe5 Qd5 23. f4 Rfd8 24. Kf2 Rd7 25. Rfd1 Qc6 26. Ke1 Rcd8 27. Rd4 Rxd4 28. cxd4 Qb6 29. Kf2 Qxd4 30. Qxd4 Rxd4 31. Ke3 Rd7 32. g4 g6 33. a3 Rg7 34. Rd1 Bd5 35. Kd4 h5 36. g5 Rc7 37. e3 c3 38. Bf1 Bc4 39. Kxc3 Bxf1+ 40. Kb4 Bd3 0-1

[Event "Nizhnij Novgorod-ch 61st"]
[Site "Nizhnij Novgorod"]
[Date "2009.03.??"]
[Round "?"]
[White "Gorishniy, Yuri"]
[Black "Krashenov, Valery"]
[Result "1-0"]
[WhiteElo "2085"]
[BlackElo "1936"]
[PlyCount "119"]
[EventDate "2009.03.06"]
[EventType "swiss"]
[EventRounds "9"]
[EventCountry "RUS"]
[SourceTitle "EXT 2010"]
[Source "ChessBase"]
[SourceDate "2010.11.25"]
[SourceVersion "1"]
[SourceVersionDate "2010.11.25"]
[SourceQuality "1"]

1. e4 d6 2. d4 Nf6 3. Nc3 g6 4. f3 Bg7 5. Be3 c6 6. Qd2 a5 7. Bd3 Nbd7 8. Nge2 a4 9. Nd1 Qa5 10. Qxa5 Rxa5 11. Bd2 Ra8 12. Ne3 0-0 13. Kf2 b6 14. g4 Ba6 15. Bxa6 Rxa6 16. h4 a3 17. b3 c5 18. c3 b5 19. Nc2 Rc8 20. Rac1 Rac6 21. Nxa3 Ra6 22. Nxb5 Rxa2 23. Ke3 c4 24. bxc4 Nb6 25. Kd3 Nxc4 26. Be1 d5 27. e5 Nd7 28. Nf4 e6 29. Nd6 Nxd6 30. exd6 Bf8 31. Bg3 Bxd6 32. Nxd5 exd5 33. Bxd6 Nb6 34. Rh2 Rxh2 35. Bxh2 Nc4 36. Rb1 Re8 37. Bf4 Kg7 38. Rb5 Rd8 39. Be5+ Kf8 40. Bf6 Re8 41. Rxd5 Nb2+ 42. Kc2 Re2+ 43. Kb3 Nd1 44. Rd8+ Re8 45. Rxe8+ Kxe8 46. Bg5 Kd7 47. d5 Kd6 48. c4 Nf2 49. Be3 Nd3 50. Kc3 Ne1 51. f4 f5 52. gxf5 gxf5 53. Bf2 Nf3 54. Bg3 h5 55. Kd3 Kc5 56. Bf2+ Kd6 57. Ke3 Nh2 58. Bg1 Ng4+ 59. Kd4 Kd7 60. c5 1-0